The Languages of Karnataka: (Record no. 206753)
[ view plain ]
| 000 -LEADER | |
|---|---|
| fixed length control field | 00837nam a22002297a 4500 |
| 005 - DATE AND TIME OF LATEST TRANSACTION | |
| control field | 20241025122019.0 |
| 010 ## - LCCN (DPL NO) | |
| LC control number | ENG-142433 |
| 020 ## - INTERNATIONAL STANDARD BOOK NUMBER | |
| International Standard Book Number | 9789354425479 |
| Terms of availability | 3050.00 |
| 035 ## - SYSTEM CONTROL NUMBER | |
| System control number | EN-125965 |
| 037 ## - SOURCE OF ACQUISITION | |
| Source of stock number/acquisition | DBAD |
| 082 ## - DEWEY DECIMAL CLASSIFICATION NUMBER | |
| Classification number | 954.32 |
| Edition number | 1 |
| 245 ## - TITLE STATEMENT | |
| Title | The Languages of Karnataka: |
| Statement of responsibility, etc | Edited By G. N. Devy; Rajeshwari Maheshwaraiah [and] H. M. Maheshwaraiah |
| Remainder of title | People’s Linguistic Survey of India (PLSI)/ |
| 250 ## - EDITION STATEMENT | |
| Edition statement | 1 |
| 260 ## - PUBLICATION, DISTRIBUTION, ETC. (IMPRINT) | |
| Place of publication, distribution, etc | Hyderabad |
| Name of publisher, distributor, etc | Orient Blackswan Private Ltd |
| Date of publication, distribution, etc | 2024 |
| 270 ## - ADDRESS | |
| Address | 3-6-752, Himayatnagar |
| City | Hyderabad |
| Postal code | 500029 |
| Electronic mail address | info@orintblackswan.com |
| 300 ## - PHYSICAL DESCRIPTION | |
| Extent | xlii,370p. |
| Dimensions | 25cm(hb) |
| 490 ## - SERIES STATEMENT | |
| Series statement | Part 2 |
| Volume number/sequential designation | 14 |
| 700 ## - ADDED ENTRY--PERSONAL NAME | |
| Personal name | Devy, G. N. |
| Relator term | Chief Editor |
| 9 (RLIN) | 73455 |
| 700 ## - ADDED ENTRY--PERSONAL NAME | |
| Personal name | Maheshwaraiah , Rajeshwari |
| Relator term | Editor |
| 9 (RLIN) | 73456 |
| 700 ## - ADDED ENTRY--PERSONAL NAME | |
| Personal name | Maheshwaraiah, H. M. |
| Relator term | Editor |
| 9 (RLIN) | 73457 |
| 942 ## - ADDED ENTRY ELEMENTS (KOHA) | |
| Source of classification or shelving scheme | Dewey Decimal Classification |
| Item type | English Books |
| Classification part | 954.32 |
| Call number suffix | LAN |
| Withdrawn status | Lost status | Not for loan | Collection code | Home library | Current library | Date acquired | Source of acquisition | Cost, normal purchase price | Full call number | Barcode | Copy number | Cost, replacement price | Koha item type |
|---|---|---|---|---|---|---|---|---|---|---|---|---|---|
| Reference | Central Library | Central Library | 25/10/2024 | Delivery of Books Act Division | 3050.00 | 954.32 LAN | EN-125965 | 1 | 3050.00 | English Books |
